000 01424nam a2200265 4500
005 20170719101055.0
008 160310s1920 ck a|||fr|||| 001 0dspa d
040 _aCO-BoUCM
_bspa
_cSandra Yazo
_dSandra Yazo
041 0 _aspa
082 0 4 _220
_a986.104
092 _aE38N113
100 1 _aGuerrero, Gustavo S.
_976136
245 1 0 _aCausa celebre en la historia de la independencia, como lo es la seguida en esta ciudad al extranjero don Alejandro Macaulay
_bPrecedida de un estudio analítico
_c1920
250 _aEdición oficial
260 _aPasto (Colombia)
_bImprenta del departamento
_c1920
300 _a251 páginas
_c24 x 18 cm.
500 _aDetalles físicos: Ejemplar en regular estado de conservación. Sin encuadernación, conserva la portada impresa en una sola tinta, suelta y sucia. Cenefas. Texto impreso en una sola columna, notas al pie de página. Papel muy oxidado, empieza a fragmentarse
505 2 _aPropósitos ; Traición y triunfo de los pastusos ; Traición de Macaulay y triunfo de los pastusos ; Documentos históricos ; Proceso seguido al comandante don Alejandro Macaulay ; Ampliación ; Las palmas del martirio
506 _aConsulta en sala
600 1 _aMacaulay, Alejandro
_976137
650 7 _97720
_aIndependencia
_zColombia
651 4 _aPasto (Colombia)
_xIndependencia
_976138
690 _aHistoria de Colombia
_926508
942 _2LOCAL
_cLIBRO
_e1
_hE38N113
999 _c302984
_d302984